UBT Library

A theory of behavior in organizations / (Record no. 42448)

000 -LEADER
fixed length control field 00584cam a2200217 i 4500
001 - CONTROL NUMBER
control field 391177
005 - DATE AND TIME OF LATEST TRANSACTION
control field 20180214033509.0
008 - FIXED-LENGTH DATA ELEMENTS--GENERAL INFORMATION
fixed length control field 800509s1980 enka b 001 0 eng
010 ## - LIBRARY OF CONGRESS CONTROL NUMBER
LC control number 79006798
020 ## - INTERNATIONAL STANDARD BOOK NUMBER
International Standard Book Number 0125144504
040 ## - CATALOGING SOURCE
Original cataloging agency DLC
Transcribing agency DLC
Modifying agency DLC
041 ## - LANGUAGE CODE
Language code of text/sound track or separate title eng
080 ## - UNIVERSAL DECIMAL CLASSIFICATION NUMBER
Universal Decimal Classification number 302.35
082 00 - DEWEY DECIMAL CLASSIFICATION NUMBER
Classification number 302.35 TAY
100 1# - Rafti
Rafti 52
101 ## - Shkurtesa
Shkurtesa BNJ
245 12 - TITLE STATEMENT
Title A theory of behavior in organizations /
Statement of responsibility, etc James C. Naylor, Robert D. Pritchard, Daniel Ilgen.
504 ## - BIBLIOGRAPHY, ETC. NOTE
Bibliography, etc Bibliography: p. 277-283.
906 ## - LOCAL DATA ELEMENT F, LDF (RLIN)
a 7
b cbc
c orignew
d u
e ocip
f 19
g y-gencatlg
942 ## - ADDED ENTRY ELEMENTS (KOHA)
Source of classification or shelving scheme
Item type Books
Holdings
Withdrawn status Lost status Source of classification or shelving scheme Damaged status Not for loan Collection code Permanent location Current location Shelving location Date acquired Total Checkouts Full call number Barcode Date last seen Price effective from Koha item type
          Koleksioni i përgjithshem UBT - Lipjan UBT - Lipjan Koleksioni i përgjithshem 02/14/2018   302.35 TAY 002-2998531 02/14/2018 02/14/2018 Books
UBT Library © 2015-2024. All rights reserved University Education for Business and Technology